| 000 | 00830nam a22002297a 4500 | ||
|---|---|---|---|
| 999 |
_c8675 _d8675 |
||
| 003 | AR-CdUCM | ||
| 008 | 190325b ||||| |||| 00| 0 spa d | ||
| 040 |
_aMUNICIPALIDAD PROVINCIAL DEL CUSCO _cBIBLIOTECA MUNICIPAL DEL CUSCO |
||
| 041 | _heng | ||
| 082 |
_a070.486 / _bM12 |
||
| 100 |
_aMcCloskey, James _924243 |
||
| 245 | _aEl periodismo industrial / | ||
| 260 |
_aBarcelona : _bZeus, _c1960. |
||
| 300 |
_a405 páginas ; _c21 cm. |
||
| 505 | _aContenido : La misión de la publicación de empresa -- El esqueleto de la publicación -- Editar para obtener un trabajo eficiente -- Las relaciones humanas y el redactor... | ||
| 650 |
_aPeriodismo _91929 |
||
| 650 |
_aCiencias de la comunicación _923602 |
||
| 650 |
_aPrensa _919488 |
||
| 700 |
_aJosé M. Espinás Masip _924244 |
||
| 942 |
_2ddc _cLIBROS |
||
| 945 | _admma | ||